000 00558nam a2200193Ia 4500
003 LDD
008 181029s9999 xx 000 0 und d
020 _a812060217X
_c395.00
040 _cLDD
100 _aOldenberg, Hermann
245 0 _aDipavamsa
_ban ancient Buddhist historical record
_cHermann Oldenberg
260 _aNew Delhi
_bAES
_c2006
300 _a227
365 _b395.00
901 _a8376
_b23-01-2012
902 _aAES/A-0487
_b27-01-2012
_cF
_dAES
_e95
903 _aDiscount-15
_bReqst by : Sangeeta Pandey
942 _2ddc
_cBK
999 _c100769
_d100769